000
00248nam a2200097Ia 4500
001
795435
005
20250826170728.0
008
250824s9999 xx 000 0 und d
245
0
_a
ESRARENGİZ SANIK
_c
AGATHA CHRISTIE
260
_b
ALTIN KİTAP YAYINLARI
999
_c
795435
_d
795435